NFL Trivia #1 - Statistics

General Stats
  • This quiz has been taken 77 times
  • The average score is 3 of 20
Answer Stats
Hint Answer % Correct
Player with the most receiving yards over the age of 40 Jerry Rice
92%
Name of the original AAFC team located in Buffalo Buffalo Bills
38%
The third (and most recent) one Keyshawn Johnson
20%
Player who broke the single-season sack record in 1984 Mark Gastineau
20%
Shortest quarterback to ever win a Super Bowl Russell Wilson
17%
NFL draft with the most Hall of Famers 1964
16%
Player with the most career tackles Ray Lewis
13%
Nickname of the 1960s Rams defensive line Fearsome Foursome
8%
Nickname of 1920s legend Red Grange The Galloping Ghost
8%
Quarterback with the longest run in NFL history Terrell Pryor
6%
Inaugural NFL (APFA) champions Akron Pros
5%
Non-quarterback with the most consecutive starts Jim Marshall
5%
First player with a Super Bowl-winning Field Goal Jim O'Brien
5%
First commissioner of the NFL (then the APFA) Jim Thorpe
5%
Most career sacks by an undrafted player John Randle
5%
NFL rushing leader with the biggest gap over second place O.J. Simpson
5%
First African-American inducted into the Hall of Fame Emlen Tunnell
3%
Player who scored the most points in a single game (40) Ernie Nevers
3%
The second one Irving Fryar
3%
The first wide receiver taken first overall in the draft Dave Parks
2%
No matching quizzes found
Score Distribution
Percent of People with Each Score
Percentile by Number Answered
Your Score History
You have not taken this quiz